Normal view
MARC view
Entry Personal Name
001 - CONTROL NUMBER
- control field: 874748
003 - CONTROL NUMBER IDENTIFIER
- control field: OSt
005 - DATE AND TIME OF LATEST TRANSACTION
- control field: 20260114185820.0
008 - FIXED-LENGTH DATA ELEMENTS
- fixed length control field: 260114|| aca||aabn | a|a d
040 ## - CATALOGING SOURCE
- Original cataloging agency: OSt
- Transcribing agency: OSt
100 ## - HEADING--PERSONAL NAME
- Personal name: Martino Stierli and Mechtild Widrich
670 ## - SOURCE DATA FOUND
- Source citation: Work cat.: (OSt)1473682: Martino Stierli and Mechtild Widrich, Participation in Art and Architecture Spaces of Interaction and Occupation, 2015
